00851nam a2200181 a 450000100100000000300100001000500170002000800410003704000220007810000420010024502600014226000460040230000330044850001090048150000350059050500060062570000380063100002657800002657820180213105415.0110323s2001 dr 001 | spa d aBPMETbspacBPMET1 aGarcía Castro, Gregorio,d1935-197310aConferencias de Gregorio García Castro :bcomunicación social y libertad de expresión, disertaciones durante su exilio pot-golpe de estado de 1963 y el régimen de los 12 años /cGregorio García Castro ; edición de Enrique García Frómeta. aSanto Domingo :bGráfica Williamc2001. a163 p. :bil. retrs.c22 cm. aIncluye disertaciones durante su exilio post-golpe de estado de 1963 y en el régimen de los 12 años. aIncluye índice onomástico.0 t 1 aGarcía Frómeta, Enrique,eed.